Interjurisdictional competition in the federal system : a round table discussion.

Bibliographic Details
Corporate Author: United States. Advisory Commission on Intergovernmental Relations
Format: Government Document Book
Language:English
Published: [Washington, DC] : Advisory Commission on Intergovernmental Relations, [1988]
Subjects:

MARC

Tag First Indicator Second Indicator Subfields
LEADER 00000cam a2200000 a 4500
001 in00000876621
005 20151019120458.0
008 881013s1988 dcu 00010 eng d
010 |a gp 89005394  
035 |a (OCoLC)18606988 
035 |9 AEJ1188AM 
040 |a HOU  |c HOU  |d GPO  |d UtOrBLW 
043 |a n-us--- 
074 |a 1049-D 
086 0 |a Y 3.AD 9/8:2 In 8/4 
088 |a M-157 
245 0 0 |a Interjurisdictional competition in the federal system :  |b a round table discussion. 
264 1 |a [Washington, DC] :  |b Advisory Commission on Intergovernmental Relations,  |c [1988] 
300 |a viii, 24 pages ;  |c 23 cm. 
336 |a text  |b txt  |2 rdacontent 
337 |a unmediated  |b n  |2 rdamedia 
338 |a volume  |b nc  |2 rdacarrier 
500 |a Shipping list number: 88-522-P. 
500 |a "August 1988." 
500 |a "M-157." 
650 0 |a Intergovernmental fiscal relations  |z United States. 
710 1 |a United States.  |b Advisory Commission on Intergovernmental Relations. 
999 |a MARS 
999 f f |s 90e5587f-9bbf-3236-8c40-bbd3d01b1045  |i 15cafcd2-a2f9-3852-ba56-838b996a287d  |t 0 
952 f f |p normal  |a Texas A&M University  |b College Station  |c Sterling C. Evans Library  |d Evans: US Documents (Annex 5th floor)  |t 0  |e Y 3.AD 9/8:2 In 8/4  |h Superintendent of Documents classification  |i unmediated -- volume  |m A14814252789 
998 f f |a Y 3.AD 9/8:2 In 8/4  |t 0  |l Evans: US Documents (Annex 5th floor)